|
|
|
|
| LEADER |
00000nab a2200000 ar4500 |
| 001 |
vtls010095046 |
| 003 |
SK-MaSNL |
| 005 |
20260303081141.0 |
| 008 |
100513c2010 xo mr|p|||||||000 b|slo |
| 015 |
|
|
|a SNBRB2010/05
|2 snkbucl
|
| 038 |
|
|
|a SNKBUCL
|
| 040 |
|
|
|a SNKBUCL
|b slo
|c SNKBUCL
|e AACR2
|
| 041 |
0 |
|
|a slo
|
| 044 |
|
|
|a xo
|c SK
|
| 080 |
|
|
|a 821-32
|2 2001
|
| 100 |
1 |
|
|a Sukopová, Terézia
|4 aut
|9 11135
|
| 245 |
1 |
0 |
|a Premena
|b nad jednou z poviedok Franza Kafku
|c Terézia Sukopová
|
| 504 |
|
|
|a Bibliogr. odkazy
|
| 600 |
1 |
7 |
|a Kafka, Franz,
|d 1883-1924
|t Premena
|2 snkbucl
|9 93786
|
| 650 |
0 |
7 |
|a poviedky
|x analýzy
|2 snkbucl
|9 1083982
|
| 773 |
0 |
|
|t Viera a život
|g Roč. XX, č. 1 (2010), s. 54-57
|x 1335-6771
|
| 852 |
|
|
|a SNK
|b KIS3GCP
|
| 958 |
|
|
|a SK
|
| 958 |
|
|
|a NT
|
| 958 |
|
|
|a NB
|
| 958 |
|
|
|a LX
|
| 999 |
|
|
|c 1783413
|d 1785343
|